Digital Beam Steering And Timing Controller For X-Band Phased Array Radar (Record no. 233611)

MARC details
000 -LEADER
fixed length control field 00714nam a2200145Ia 4500
008 - FIXED-LENGTH DATA ELEMENTS--GENERAL INFORMATION
fixed length control field 231221s9999 xx 000 0 und d
041 ## - LANGUAGE CODE
Language code of text/sound track or separate title English
082 ## - DEWEY DECIMAL CLASSIFICATION NUMBER
Classification number CPEC15-1086
100 ## - MAIN ENTRY--PERSONAL NAME
Personal name Manoj, L. Mahadevan, V. Sibil Kumar, T B.
245 #0 - TITLE STATEMENT
Title Digital Beam Steering And Timing Controller For X-Band Phased Array Radar
260 ## - PUBLICATION, DISTRIBUTION, ETC.
Date of publication, distribution, etc. 2015
500 ## - GENERAL NOTE
General note Digital Beam Steering And Timing Controller For X-Band Phased Array Radar Manoj L Mahadevan V Sibil Kumar T B Department of TCE, PESIT Scientist, LRDE, DRDO, Bangalore, India International Radar Symposium, NIMHANS, Bangalore, 17-19 Dec 2015.
650 ## - SUBJECT ADDED ENTRY--TOPICAL TERM
Topical term or geographic name entry element Digital,Beam,Steering,Timing,Controller, X-Ban, Phase, Arra, Radar
942 ## - ADDED ENTRY ELEMENTS (KOHA)
Koha item type Institutional repository
Holdings
Date last seen Total checkouts Full call number Accession number Price effective from Category Lost status Damaged status Department Withdrawn status Home library Current library Shelving location Entry date Grants Currency symbol Conversion rate Discount Old discount
26/01/2024   CPEC15-1086 IR1086 26/01/2024 Institutional repository     EC   Central Library Central Library Central Library   EC RS 1    

© For any Suggestions or Query, please contact the library staff @ librarian@pes.edu or Phone: +9180 2672 1983/ 2108.